000 00381cam a2200145ua 4500
003 OSt
008 230505b |||||||| |||| 00| 0 eng d
041 _aeng
082 _a620.82
_bIIT/PO
245 0 0 _aPower machinery systems and ergonomics, safety and health
260 _aNew Delhi :
_bAnamaya Publishers ,
_c2004.
300 _a399 ; .
650 _a620.82
_95414
942 _cBK
999 _c13316
_d13316